000 01040nas a2200349 4500
001 BR2018002371
003 BR-BrBNA
005 20231205131455.0
007 ta
008 230509b bl.|||p| |||| 00| 00por d
040 _aBR-BrBNA
_bpor
_cBiblioteca Nacional de Agricultura
041 _a(En)
072 _aL01
100 1 _aVieira, P.S.
100 1 _aNogueira, C.E.W.
100 1 _aSantos, A.C.
100 1 _aBorba, L. de A.
100 1 _aScalco, R.
100 1 _aBrasil, C.L.
100 1 _aBarros, W.S.
100 1 _aCurcio, B. da R.
245 1 _aDevelopment of a weight-estimation model to use in pregnant criollo-type mares
650 _aÉGUA
650 _aGANHO DE PESO
650 _aMORFOLOGIA ANIMAL
650 _aMODELO MATEMÁTICO
650 _aPRENHEZ
773 0 _tCiência Rural (Brazil)
_xISSN 1678-4596
_g(2018), v. 48(1) p. 1-6
_wBR2018002371
856 4 0 _uhttp://www.scielo.br/pdf/cr/v48n1/1678-4596-cr-47-12-e20160590.pdf
909 _a202311
_bLúcia
_c55
_dLúcia Elande
942 _2AGRIS
_n0
_cANA
999 _c255023
_d255023